000 00713nam a2200277Ia 4500
005 20260324144650.0
008 008 260324s9999 xx 000 0 eng d
020 _a9780429314575
037 _aEBOOK
040 _aCRL
040 _beng
040 _cCRL
041 _2eng
041 _aeng
084 _qCRL
100 _aOscar J Martinez; Gay Young; Kathleen A Staudt; Robert H Schmidt
_91220164
245 4 _aThe Social Ecology And Economic Development Of Ciudad Juarez
260 _bTaylor and Francis
260 _c1987
365 _a
365 _b145
856 _uhttp://www.taylorfrancis.com/books/9780429314575
942 _cEBOOK
999 _c1827057
_d1827057